000 01293nam a2200229Ka 4500
001 000001590
005 20200929145629.0
008 090623s2002 dr 001 0 spa d
040 _aDO-SdBNP
_bspa
_cBNPHU
082 _a200.71
_bP849m
100 1 _aPortes Rodríguez, Andrés
_95216
245 1 3 _aEl misterio de Dios /
_cAndrés Portes Rodríguez.
246 1 3 _aEl misterio de Dios:
_bel evangelio de la gracia
260 _aSanto Domingo :
_bTriunfo Publicaciones,
_c2002.
300 _a122 p. ;
_c21 cm.
500 _aIncluye datos biográficos del autor en la contracubierta
505 0 _aIntroducción -- Primera parte: el misterio de Dios. El misterio de Dios. El misterio en la teología del apóstol Pablo. ¿Quiénes desean estudiar este misterio?. Comprendiendo el misterio (1ra. parte). Comprendiendo el misterio (2da. parte). El propósito del misterio -- Segunda parte: el evangelio de la gracia. ¿Qué es la gracia?. El Dios de la gracia. El centro de la gracia. La gracia y la obediencia. La gracia y la fe. La gracia y la justificación. La gracia y la vida cristiana.
650 4 _aReligión
_xEnseñanza
_95217
650 4 _aSalvación
_xEnseñanza bíblica
_91732
630 0 4 _aBIBLIA
_pN. T.
_pEPÍSTOLAS DE SAN PABLO
_xTEOLOGÍA
_95218
650 4 _aGracia (teología)
_95219
999 _c1485
_d1485